[Event "Eliminacje do Po fina ow MP '96"]
[Site "?"]
[Date "1996.09.21"]
[Round "?"]
[White "Siembida, Andrzej"]
[Black "Hryczuk, Andrzej"]
[Result "0-1"]
[WhiteElo "1600"]
[BlackElo "1800"]
[PlyCount "132"]

1. e4 e5 2. Nf3 Nc6 3. Nc3 Nf6 4. Bc4 Bc5 5. d3 d6 6. O-O Bg4 7. Bb5 O-O 8.
Bxc6 bxc6 9. a3 Qe7 10. b4 Bd4 11. Bb2 Nd7 12. Qe2 Qf6 13. Nd1 Bxf3 14. Qxf3
Qxf3 15. gxf3 Bb6 16. Bc1 f5 17. Be3 f4 18. Bxb6 cxb6 19. Nb2 b5 20. c4 a6 21.
Rac1 Rac8 22. Rfd1 Rfd8 23. Kg2 Kf7 24. Kf1 Ke6 25. Ke2 c5 26. Rd2 Nb8 27. bxc5
dxc5 28. cxb5 axb5 29. a4 Nc6 30. Kf1 Nd4 31. Rc3 Nxf3 32. Rdc2 b4 33. Rxc5
Rxc5 34. Rxc5 Nxh2+ 35. Kg2 Ng4 36. Rb5 h5 37. a5 Ra8 38. Nc4 g5 39. Rb6+ Ke7
40. a6 Nf6 41. Rb7+ Kd8 42. a7 Nd7 43. Rxd7+ Kxd7 44. Nb6+ Kc7 45. Nxa8+ Kb7
46. Nb6 Kxa7 47. Nc4 b3 48. d4 exd4 49. e5 Kb7 50. e6 Kc7 51. e7 Kd7 52. e8=Q+
Kxe8 53. Nb2 Kd7 54. Kf3 Kd6 55. Kg2 Kc5 56. f3 Kb4 57. Kf2 Kc3 58. Na4+ Kc2
59. Ke2 d3+ 60. Kf2 d2 61. Nb2 d1=Q 62. Nxd1 Kxd1 63. Kg2 b2 64. Kh3 b1=Q 65.
Kh2 Qc2+ 66. Kh3 g4+ 0-1

[Event "Eliminacje do Po fina ow MP '96"]
[Site "?"]
[Date "1996.09.24"]
[Round "?"]
[White "Ksiezny, Grzegorz"]
[Black "Hryczuk, Andrzej"]
[Result "0-1"]
[WhiteElo "1600"]
[BlackElo "1800"]
[PlyCount "66"]

1. e4 e6 2. d4 d5 3. e5 c5 4. c3 Nc6 5. Nf3 Qb6 6. b3 cxd4 7. cxd4 Bb4+ 8. Ke2
Bd7 9. a3 Be7 10. Nc3 Rc8 11. Bb2 Na5 12. b4 Nc4 13. Qb3 f6 14. Kd1 fxe5 15.
dxe5 Qxf2 16. Ne2 Ne3+ 17. Kd2 Rc2+ 18. Qxc2 Nxc2 19. Kxc2 Qb6 20. Ned4 Nh6 21.
Rc1 O-O 22. Kd2 Nf7 23. h4 g5 24. hxg5 Bxg5+ 25. Nxg5 Nxg5 26. Bd3 Rf2+ 27. Ne2
Ne4+ 28. Bxe4 dxe4 29. Bd4 Qxd4+ 30. Ke1 Qe3 31. Rc2 Rxe2+ 32. Rxe2 Qc1+ 33.
Kf2 Qxh1 0-1

[Event "Eliminacje do Po fina ow MP '96"]
[Site "?"]
[Date "1996.09.22"]
[Round "?"]
[White "Chentnik"]
[Black "Hryczuk, Andrzej"]
[Result "0-1"]
[WhiteElo "1800"]
[BlackElo "1800"]
[PlyCount "54"]

1. e4 e6 2. d4 d5 3. Nc3 dxe4 4. Nxe4 b6 5. Be3 Bb7 6. Nd2 Nf6 7. Ngf3 Nbd7 8.
Bc4 Bd6 9. c3 Qe7 10. O-O O-O 11. Qc2 c5 12. Rfe1 Rfd8 13. Rad1 Rac8 14. Bb5 a6
15. Bxd7 Nxd7 16. Ng5 Nf6 17. Nge4 cxd4 18. Nxf6+ Qxf6 19. Bxd4 Qxd4 20. Qxh7+
Kxh7 21. cxd4 Rc2 22. b3 Bb4 23. Re2 Rxd4 24. h3 Rdxd2 25. Rexd2 Rxd2 26. Rc1
Bc5 27. Rf1 Be4 0-1

[Event "Eliminacje do Po fina ow MP '96"]
[Site "?"]
[Date "1996.09.22"]
[Round "?"]
[White "Hryczuk, Andrzej"]
[Black "Rafalski, Krzysztof"]
[Result "1/2-1/2"]
[WhiteElo "1800"]
[BlackElo "1800"]
[PlyCount "69"]

1. e4 c5 2. Nc3 Nc6 3. g3 g6 4. Bg2 Bg7 5. d3 e6 6. f4 Nge7 7. Nf3 d6 8. O-O
O-O 9. h3 Rb8 10. Ne2 b5 11. c3 d5 12. Qc2 d4 13. cxd4 Nxd4 14. Nexd4 cxd4 15.
Bd2 Bb7 16. Bb4 Re8 17. Qd2 Nc6 18. Bc5 Bf8 19. Bxf8 Rxf8 20. Rac1 Qd6 21. e5
Qd7 22. Ng5 Ne7 23. Bxb7 Qxb7 24. Ne4 Nd5 25. Nd6 Qa6 26. a3 b4 27. axb4 Rxb4
28. Ra1 Qb6 29. Nc4 Qb7 30. Ra2 Ra8 31. Rfa1 Qc7 32. Ra5 Qb7 33. R5a2 Qc7 34.
Ra5 Qb7 35. R5a2 1/2-1/2

[Event "?"]
[Site "?"]
[Date "2003.??.22"]
[Round "?"]
[White "Hryczuk, Andrzej"]
[Black "Nycz, Czes aw"]
[Result "1-0"]
[WhiteElo "1800"]
[BlackElo "2000"]
[PlyCount "35"]

1. e4 e5 2. Nf3 Nc6 3. Bc4 Bc5 4. c3 Qf6 5. O-O d6 6. d4 exd4 7. cxd4 Nxd4 8.
Nxd4 Bxd4 9. Nd2 Be6 10. Qb3 Bxc4 11. Qxc4 O-O-O 12. Nf3 Bxb2 13. Bxb2 Qxb2 14.
Rfc1 Rd7 15. Rab1 Qa3 16. Rxb7 Qxc1+ 17. Qxc1 Kxb7 18. Qb2+ 1-0

[Event "?"]
[Site "?"]
[Date "2003.09.22"]
[Round "?"]
[White "Hryczuk, Andrzej"]
[Black "Nycz, Czes aw"]
[Result "1-0"]
[WhiteElo "1800"]
[BlackElo "2000"]
[PlyCount "45"]

1. e4 c5 2. Nc3 Nc6 3. g3 g6 4. Bg2 Bg7 5. f4 e6 6. Nf3 Nge7 7. O-O O-O 8. d3
d5 9. h3 a6 10. a4 dxe4 11. dxe4 Bxc3 12. bxc3 Rb8 13. g4 Qc7 14. h4 b6 15. h5
Bb7 16. Nh4 Rbd8 17. Qf3 Na5 18. f5 Nc4 19. Bh6 Qe5 20. fxg6 hxg6 21. hxg6 Nd2
22. Bxf8 fxg6 23. Qf7+ 1-0

[Event "?"]
[Site "?"]
[Date "2003.09.22"]
[Round "?"]
[White "Nycz, Czes aw"]
[Black "Hryczuk, Andrzej"]
[Result "1/2-1/2"]
[WhiteElo "2000"]
[BlackElo "1800"]
[PlyCount "88"]

1. e4 e6 2. f4 d5 3. e5 c5 4. Nf3 Nc6 5. Be2 Qb6 6. O-O Nge7 7. Nc3 Ng6 8. d3
Be7 9. Kh1 Bd7 10. b3 O-O-O 11. Qe1 h5 12. Qf2 Rdg8 13. Na4 Qd8 14. Nxc5 Bxc5
15. Qxc5 h4 16. Be3 Nge7 17. b4 Nf5 18. Bd2 Kb8 19. b5 Na5 20. Be1 f6 21. Rb1
b6 22. Qf2 g5 23. exf6 gxf4 24. Ne5 Ng3+ 25. Kg1 Nxe2+ 26. Qxe2 h3 27. Nxd7+
Qxd7 28. Qe5+ Ka8 29. Rf2 hxg2 30. Bxa5 bxa5 31. b6 Rb8 32. Qxf4 Qf7 33. Rxg2
axb6 34. c4 Rhg8 35. Rbb2 Rxg2+ 36. Rxg2 Rf8 37. Rf2 dxc4 38. Qxc4 Ka7 39. Qd4
Qb7 40. Qf4 Rg8+ 41. Kf1 Qh1+ 42. Ke2 Rg1 43. Qc7+ Ka8 44. Qc8+ Ka7 1/2-1/2

[Event "?"]
[Site "?"]
[Date "????.??.??"]
[Round "?"]
[White "Macieja, Bart omiej"]
[Black "Hryczuk, Andrzej"]
[Result "1-0"]
[WhiteElo "2634"]
[BlackElo "1800"]
[PlyCount "53"]

1. e4 e6 2. d4 d5 3. Nc3 dxe4 4. Nxe4 Nf6 5. Nxf6+ gxf6 6. Nf3 Nc6 7. g3 b6 8.
Bg2 Bb7 9. O-O Qd7 10. Be3 O-O-O 11. c3 h5 12. Nh4 Bh6 13. Bxh6 Rxh6 14. Re1
Ne7 15. Bxb7+ Kxb7 16. a4 f5 17. a5 Rhh8 (17... b5 18. b3 (18. Rc1 f4 19. c4
bxc4 20. Rxc4 Nd5 21. Qb3+ 21... Ka8 $14) (18. Qf3+ Nd5 19. b3 19... f4 $14)
18... f4 19. Qf3+ Nd5 20. c4 $14) (17... Nc8 18. axb6 Nxb6 19. Qe2 Kb8 20. Qa6
20... Nc8 $18) (17... Kb8 18. axb6 cxb6 19. Qc1 Rhh8 20. Qf4+ $18) (17... Nd5
18. axb6 cxb6 19. c4 Nf6 20. Qf3+ (20. Qd2 $16) 20... Ne4 21. d5 $16) 18. Qe2 (
18. Qf3+ Kb8 19. axb6 cxb6 20. Ra6 Nd5 21. Rea1 $18) 18... Ra8 19. a6+ Kc8 20.
Rad1 Nc6 21. d5 exd5 22. Qf3 Ne7 23. Rxe7 Qxe7 24. Qxd5 Rb8 25. Nxf5 Qe8 26.
Qc6 Rh6 27. Qxe8# 1-0